Classification, evolution, and the nature of biology / (Record no. 3436)
[ view plain ]
| 000 -LEADER | |
|---|---|
| fixed length control field | 00675nam a22002172 4500 |
| 001 - CONTROL NUMBER | |
| control field | 0000009305 |
| 005 - DATE AND TIME OF LATEST TRANSACTION | |
| control field | 20151217145849.0 |
| 008 - FIXED-LENGTH DATA ELEMENTS--GENERAL INFORMATION | |
| fixed length control field | 080922s xx 000 0 eng d |
| 020 ## - INTERNATIONAL STANDARD BOOK NUMBER | |
| International Standard Book Number | 0521315786 : |
| Terms of availability | BSP 38 |
| 040 ## - CATALOGING SOURCE | |
| Original cataloging agency | KABU |
| Transcribing agency | KABU |
| 100 1# - MAIN ENTRY--PERSONAL NAME | |
| Personal name | Panchen, Alec L. |
| -- | 0000160511 |
| 245 10 - TITLE STATEMENT | |
| Title | Classification, evolution, and the nature of biology / |
| Statement of responsibility, etc. | Alec L. Panchen. |
| 260 ## - PUBLICATION, DISTRIBUTION, ETC. (IMPRINT) | |
| Place of publication, distribution, etc. | Cambridge : |
| Name of publisher, distributor, etc. | C. U. P., |
| Date of publication, distribution, etc. | 1992. |
| 300 ## - PHYSICAL DESCRIPTION | |
| Extent | xi, 403 p. |
| 650 #0 - SUBJECT ADDED ENTRY--TOPICAL TERM | |
| Topical term or geographic name as entry element | Biology |
| General subdivision | Classification. |
| -- | 0000160512 |
| 650 #0 - SUBJECT ADDED ENTRY--TOPICAL TERM | |
| Topical term or geographic name as entry element | Evolution (Biology) |
| -- | 0000155262 |
| 650 #0 - SUBJECT ADDED ENTRY--TOPICAL TERM | |
| Topical term or geographic name as entry element | Biology |
| General subdivision | Philosophy. |
| -- | 0000155255 |
| 908 ## - PUT COMMAND PARAMETER (RLIN) | |
| Put command parameter | 080922 |
| 950 ## - LOCAL HOLDINGS (RLIN) | |
| -- | 1 |
| Withdrawn status | Lost status | Source of classification or shelving scheme | Not for loan | Home library | Current library | Date acquired | Total Checkouts | Total Renewals | Full call number | Barcode | Date last seen | Date last checked out | Price effective from | Koha item type |
|---|---|---|---|---|---|---|---|---|---|---|---|---|---|---|
| Library of Congress Classification | Kabarak, Main Campus | Kabarak, Main Campus | 17/12/2015 | 2 | 1 | QH83 .P36 c. 1 | 009215 | 07/05/2024 | 07/05/2024 | 17/12/2015 | General Collection |